| 000 | 00910nam a22002537a 4500 | ||
|---|---|---|---|
| 999 |
_c20464 _d20464 |
||
| 003 | AR-CdUCM | ||
| 008 | 190530b ||||| |||| 00| 0 spa d | ||
| 040 |
_aMUNICIPALIDAD PROVINCIAL DEL CUSCO _cBIBLIOTECA MUNICIPAL DEL CUSCO |
||
| 041 | _heng | ||
| 082 |
_a150.72 / _bO72 |
||
| 100 |
_aOsgood, Charles E. _942790 |
||
| 110 |
_aBIBLIOTECA TÉCNICA DE PSICOLOGÍA _942791 |
||
| 245 |
_aCurso superior de psicología experimental : _bMétodo y teoría / |
||
| 260 |
_aMéxico : _bF. Trillas, _c1969. |
||
| 300 |
_a1063 páginas, _c23 cm. _bFiguras. |
||
| 505 | _aContenido: Cualidad sensorial -- Intensidad sensorial -- Audición ... | ||
| 650 |
_aPsicología _91538 |
||
| 650 |
_aPensamiento _9461 |
||
| 650 |
_aConducta _96985 |
||
| 700 |
_aGonzález Aramburo, Francisco (traductor) _912975 |
||
| 710 |
_aSociedad Interamericana de psicología _942792 |
||
| 942 |
_2ddc _cLIBROS |
||
| 945 | _aJavier | ||